Técnicas de forestación 1975 / (Record no. 112040)

MARC details
000 -LEADER
campo de control de longitud fija 00967nam a2200241 4500
001 - NÚMERO DE CONTROL
campo de control 112040
003 - IDENTIFICADOR DE NÚMERO DE CONTROL
campo de control ES-MaACL
005 - FECHA Y HORA DE LA ÚLTIMA TRANSACCIÓN
campo de control 20250728062607.0
007 - CAMPO FIJO DE DESCRIPCIÓN FÍSICA--INFORMACIÓN GENERAL
campo de control de longitud fija t|
008 - DATOS DE LONGITUD FIJA--INFORMACIÓN GENERAL
campo de control de longitud fija 061121s1977 sp r ||||1| spa d
100 1# - ENTRADA PRINCIPAL--NOMBRE DE PERSONA
Nombre de persona Navarro Garnica, Miguel.
9 (RLIN) 85127
245 10 - MENCIÓN DEL TÍTULO
Título Técnicas de forestación 1975 /
Mención de responsabilidad, etc. Coordinado por Miguel Navarro Garnica ; revisado por Juan Jesús Molina Rodríguez y José Luis Montero de Burgos.
250 ## - MENCION DE EDICION
Mención de edición 2ª ed.
260 ## - PUBLICACIÓN, DISTRIBUCIÓN, ETC.
Lugar de publicación, distribución, etc. Madrid :
Nombre del editor, distribuidor, etc. Instituto Nacional para la Conservación de la Naturalez,
Fecha de publicación, distribución, etc. 1977.
300 ## - DESCRIPCIÓN FÍSICA
Extensión 211 p. con 8 lám. col :
Otras características físicas il ;
Dimensiones 24 cm.
490 1# - MENCIÓN DE SERIE
Mención de serie Monografías
700 1# - ENTRADA AGREGADA--NOMBRE PERSONAL
Nombre de persona Molina Rodríguez, Juan Jesús.
9 (RLIN) 81964
700 1# - ENTRADA AGREGADA--NOMBRE PERSONAL
Nombre de persona Montero de Burgos, José Luis.
9 (RLIN) 82512
710 2# - ENTRADA AGREGADA--NOMBRE DE ENTIDAD CORPORATIVA
Nombre de entidad corporativa o nombre de jurisdicción como elemento de entrada Instituto Nacional para la Conservación de la Naturaleza (Madrid)
9 (RLIN) 5198
830 00 - PUNTO DE ACCESO ADICIONAL DE SERIE-TÍTULO UNIFORME
Título uniforme Monografías (Centro de Estudios Benaventanos "Ledo del Pozo")
9 (RLIN) 177262
852 ## - LOCALIZACIÓN
Ubicación ES-MaACL
Número de control de estantería L-7731
Sublocalización o colección R.107306
Holdings
Estatus retirado Estado de pérdida Estado de daño No para préstamo Biblioteca de origen Biblioteca actual Ubicación en estantería Fecha de adquisición Fuente de adquisición Total de préstamos Signatura topográfica completa Código de barras Visto por última vez Precio de reemplazo Tipo de ítem Koha
        Biblioteca del Ateneo de Madrid Biblioteca del Ateneo de Madrid Depósito 2 17/01/2008     L-7731 1116868 23/02/2023 23/02/2023 Libro impreso